000 00292nam a2200121 a 4500
005 20141022142007.0
008 100913s19uu xx 00 eng d
050 _aCD-ROM
_bF84 2006
100 _aFranzoi, Stephen
245 _aSocial sense.
260 _bMs-Graw Hill,
_c2006.
942 _cAVM
999 _c276563
_d276563